Top 10 Tennis Films (IMDB) - Statistics

General Stats
  • This quiz has been taken 22 times
    8 since last reset
  • The average score is 3 of 10
Answer Stats
Film Year IMDB % Correct
Challengers 2024 7.0
63%
Battle of the Sexes 2017 6.7
50%
Match Point 2005 7.6
50%
King Richard 2021 7.5
38%
7 Days in Hell 2015 7.1
25%
Strangers on a Train 1951 7.9
25%
Borg vs. McEnroe 2017 6.9
13%
Julie Keeps Quiet 2024 6.5
0%
Tennis Chumps 1949 7.6
0%
The Seven-Per-Cent Solution 1976 6.6
0%
No matching quizzes found
Score Distribution
Percent of People with Each Score
Percentile by Number Answered
Your Score History
You have not taken this quiz since the last reset